[Event "Provincial-ch Valencia Preferente"]
[Site "Valencia"]
[Date "2012.10.27"]
[Round "3"]
[White "Vera Juan, Andreu"]
[Black "Cabrera Rodrigo, Francisco"]
[Result "1/2-1/2"]
[WhiteElo "1825"]
[BlackElo "1854"]
[PlyCount "101"]
[EventDate "2012.10.06"]
[EventType "swiss"]
[EventRounds "7"]
[EventCountry "ESP"]
[SourceTitle "EXT 2024"]
[Source "ChessBase"]
[SourceDate "2023.10.10"]
[SourceVersion "1"]
[SourceVersionDate "2023.10.10"]
[SourceQuality "1"]

1. e4 e6 2. d4 c5 3. c3 d5 4. exd5 Qxd5 5. Nf3 cxd4 6. cxd4 Nc6 7. Be2 Nf6 8. 0-0 Be7 9. Nc3 Qd8 10. h3 0-0 11. Be3 b6 12. Qd2 Bb7 13. Rfd1 Nb4 14. Rac1 Nbd5 15. Bg5 Nxc3 16. bxc3 Ne4 17. Bxe7 Nxd2 18. Bxd8 Nxf3+ 19. Bxf3 Bxf3 20. Be7 Rfe8 21. Rd3 Bd5 22. c4 Bxc4 23. Rxc4 Rxe7 24. d5 Rd7 25. d6 Rad8 26. Rc7 f6 27. Rdc3 e5 28. Rxd7 Rxd7 29. Rc7 Rxd6 30. Rxa7 Rd1+ 31. Kh2 Ra1 32. Kg3 b5 33. Rb7 Rxa2 34. Rxb5 Kf7 35. h4 Kg6 36. Rb3 Ra4 37. Kh3 Kh5 38. g3 g6 39. f3 f5 40. Rb5 Ra3 41. Kg2 Ra2+ 42. Kh3 Rf2 43. g4+ Kh6 44. Kg3 Re2 45. Rb7 fxg4 46. fxg4 Re3+ 47. Kg2 Rc3 48. Re7 Rc2+ 49. Kf3 Rc3+ 50. Kg2 Re3 51. Kh2 1/2-1/2

[Event "Provincial-ch Valencia Primera"]
[Site "Valencia"]
[Date "2009.10.31"]
[Round "3"]
[White "Vera Juan, Andreu"]
[Black "Nieves Cabanes, Javier"]
[Result "0-1"]
[WhiteElo "1837"]
[BlackElo "1647"]
[PlyCount "80"]
[EventDate "2009.10.03"]
[EventType "swiss"]
[EventRounds "7"]
[EventCountry "ESP"]
[SourceTitle "EXT 2024"]
[Source "ChessBase"]
[SourceDate "2023.10.10"]
[SourceVersion "1"]
[SourceVersionDate "2023.10.10"]
[SourceQuality "1"]

1. e4 d5 2. exd5 Qxd5 3. Nc3 Qd6 4. Nf3 Nf6 5. Be2 g6 6. d3 Bg7 7. 0-0 Bf5 8. Re1 0-0 9. Nb5 Qb6 10. Nc3 c6 11. h3 Nd5 12. Nxd5 cxd5 13. d4 Nc6 14. c3 Rad8 15. Bd3 Bxd3 16. Qxd3 e6 17. Rb1 Qa5 18. a3 b5 19. Bd2 Qb6 20. Be3 Na5 21. Nd2 Nc4 22. Bf4 a5 23. Nb3 Rfe8 24. Nc5 Qc6 25. Qg3 b4 26. axb4 axb4 27. f3 Nxb2 28. Rxb2 bxc3 29. Rc2 Bxd4+ 30. Kh1 Qxc5 31. Rec1 Bg7 32. Be5 d4 33. Bxg7 Kxg7 34. Qf2 e5 35. f4 e4 36. Rxc3 e3 37. Rxc5 exf2 38. Re5 Rxe5 39. fxe5 d3 40. g3 d2 0-1